| 000 | 01132cam a22002413a 4500 | ||
|---|---|---|---|
| 001 | 912 | ||
| 003 | PGUSA | ||
| 005 | 20140828082954.0 | ||
| 008 | 970501s1997||||xxu|||||s|||||000 1 eng d | ||
| 040 |
_aPGUSA _beng |
||
| 042 | _adc | ||
| 050 | 4 | _aPR | |
| 100 | 1 |
_aDickens, Charles, _d1812-1870 |
|
| 245 | 1 | 0 |
_aMudfog and Other Sketches _h[electronic resource] / _cCharles Dickens |
| 260 |
_bProject Gutenberg, _c1997 |
||
| 505 | 0 | _aPublic life of Mr. Tulrumble, once mayor of Mudfog -- Full report of the first meeting of the Mudfog Association for the Advancement of Everything -- Full report of the second meeting of the Mudfog Association for the Advancement of Everything -- The pantomime of life -- Some particulars concerning a lion -- Mr. Robert Bolton, the "gentleman connected with the press" -- Familiar epistle from a parent to a child aged two years and two months. | |
| 506 | _aPublic domain in the USA. | ||
| 516 | _aElectronic text | ||
| 653 | _aEngland -- Social life and customs -- 19th century -- Fiction | ||
| 830 | 0 |
_aProject Gutenberg _v912 |
|
| 856 | 4 | 0 | _uhttp://www.gutenberg.org/ebooks/912 |
| 942 | _cEB | ||
| 999 |
_c230263 _d230263 |
||